| 000 | 00594nam a2200193 i 4500 | ||
|---|---|---|---|
| 001 | bg | ||
| 100 | 1 | _aFERENCZI, Ödön | |
| 245 |
_aZasilanie układów elektronicznych : _bzasilanie impulsowe / _cÖdön Ferenczi ; tł. z niem. Edmund Żuchowski. |
||
| 260 |
_aWarszawa : _bWydawnictwa Naukowo-Techniczne, _c1989. |
||
| 300 |
_a383 s. : _brys., wykr. ; _c24 cm. |
||
| 504 | _aBibliogr. s. 375-381. | ||
| 020 | _a8320409632 | ||
| 040 | _cBPK | ||
| 041 | _apol | ||
| 080 | _a621.314:621.38](075.8) | ||
| 920 | _a83-204-0963-2 | ||
| 942 | _cKS | ||
| 008 | s pl f |000 0 pol | ||
| 999 |
_c10265 _d10265 |
||
| 856 |
_uhttp://koha.tu.koszalin.pl/cgi-bin/koha/opac-detail.pl?biblionumber=10265 _yKatalog online BPK |
||